000 02093nam a2200301 a 4500
005 20260322212012.0
008 data
099 _aDVD 580
100 1 _aFleder, Gary.
245 1 0 _aRunaway jury/
_cGary Fleder ... [et al.].
250 _aRegency Enterprises presents a New Regency production ; a Gary Fleder film ; screenplay by Brian Koppelman & David Levien and Rick Cleveland and Matthew Chapman ; produced by Arnon Milchan, Gary Fleder, Christopher Mankiewicz ; director, Gary Fleder. Music by Christopher Young ; music supervisor, Peter Afterman ; executive producer, Jeffrey Downer ; costume designer, Abigail Murray ; edited by William Steinkamp ; production designer, Nelson Coates ; director of photography, Robert Elswit.
260 _aBeverly Hills, Calif. :
_b20th Century Fox Home Entertainment,
_c2004.
300 _aDVD video 1 videodisc (127 min.) : sd., col. ;
_b4 3/4 in.
500 _aDual layer./ Based on the novel by John Grisham./ Originally released as a motion picture in 2003./ Participants: John Cusack, Gene Hackman, Dustin Hoffman, Rachel Weisz, Bruce Davison, Bruce McGill, Jeremy Piven, Nick Searcy./ Audience: MPAA rating: PG-13; for violence, language and thematic elements.
520 _aAfter a man dies in a shooting incident, his wife files a lawsuit against the company that manufactured the gun. Her lawyer argues that the firm in question knew the shop which sold the weapon was not following federal regulations. As the case goes to trial, the firearm manufacturer takes no chances on the outcome, and they hire Rankin Fitch a "jury consultant" who makes it his business to see that he knows enough about the jurors to be able to guarantee the result of the trial.
650 0 _adrama
650 0 _alegal films
700 1 _aKoppelman, Brian.
700 1 _aLevien, David H.
700 1 _aCleveland, Rick.
700 1 _aChapman, Matthew,; 1950-
700 1 _aMilchan, Arnon.
700 1 _aMankiewicz, Christopher,; 1940-
700 1 _aCusack, John,
_d1966-
700 1 _aHackman, Gene.
700 1 _aHoffman, Dustin,
_d1937-
001 data
999 _c248
_d248